Highway research record.no,156 classification safety factor terrain,and bearing (Record no. 546630)
[ view plain ]
| 000 -LEADER | |
|---|---|
| fixed length control field | 00686cas a2200193 4500 |
| 022 ## - INTERNATIONAL STANDARD SERIAL NUMBER | |
| International Standard Serial Number | 0073-2206 |
| 082 00 - DEWEY DECIMAL CLASSIFICATION NUMBER | |
| Classification number | 624.151 |
| Author Mark | NAT |
| -- | D |
| 245 00 - TITLE STATEMENT | |
| Title | Highway research record.no,156 classification safety factor terrain,and bearing |
| 260 ## - PUBLICATION, DISTRIBUTION, ETC. | |
| Place of publication, distribution, etc. | Washington, |
| Name of publisher, distributor, etc. | National Research Council, Highway Research Board, |
| Date of publication, distribution, etc. | 1963-1973. |
| 300 ## - PHYSICAL DESCRIPTION | |
| Extent | 479 no. |
| Dimensions | 25 cm. |
| 490 1# - SERIES STATEMENT | |
| Series statement | <-1973>: Publication - National Research Council |
| 526 ## - STUDY PROGRAM INFORMATION NOTE | |
| Program name | 0 |
| Interest level | 0 |
| Reading level | 0 |
| Title point value | 624_151000000000000_NAT |
| 590 ## - LOCAL NOTE (RLIN) | |
| Local note | SERBIB/SERLOC merged record |
| 650 #0 - SUBJECT ADDED ENTRY--TOPICAL TERM | |
| Topical term or geographic name entry element | NUST / MCE |
| 9 (RLIN) | 26909 |
| 650 #0 - SUBJECT ADDED ENTRY--TOPICAL TERM | |
| Topical term or geographic name entry element | Roads |
| General subdivision | Design and construction. |
| 9 (RLIN) | 19562 |
| 650 #0 - SUBJECT ADDED ENTRY--TOPICAL TERM | |
| Topical term or geographic name entry element | Roads. |
| 710 2# - ADDED ENTRY--CORPORATE NAME | |
| Corporate name or jurisdiction name as entry element | National Research Council (U.S.). |
| 9 (RLIN) | 20017 |
| 942 ## - ADDED ENTRY ELEMENTS (KOHA) | |
| Source of classification or shelving scheme | |
| Koha item type | Book |
| Withdrawn status | Lost status | Source of classification or shelving scheme | Damaged status | Not for loan | Permanent Location | Current Location | Date acquired | Total Checkouts | Full call number | Barcode | Date last seen | Price effective from | Koha item type |
|---|---|---|---|---|---|---|---|---|---|---|---|---|---|
| Military College of Engineering (MCE) | Military College of Engineering (MCE) | 06/17/2014 | 624.151 NAT | MCE-43403 | 06/17/2014 | 06/17/2014 | Book |
